Sports Quiz

Random Sports or NFL Quiz

NFL Single Season Passing Yards (1970s) Quiz Stats

 Plays Quiz not verified by Sporcle

Support Sporcle.
Go Orange.
Score 0/50 Timer 20:00
0 Plays Today
Year Player % Correct
1970Fran Tarkenton
95.7%
1971Fran Tarkenton
95.7%
1972Joe Namath
95.7%
1972Fran Tarkenton
95.7%
1973Roger Staubach
95.7%
1974Joe Namath
95.7%
1974Fran Tarkenton
95.7%
1974Roger Staubach
95.7%
1974Ken Stabler
95.7%
1975Fran Tarkenton
95.7%
1975Roger Staubach
95.7%
1976Fran Tarkenton
95.7%
1976Ken Stabler
95.7%
1976Roger Staubach
95.7%
1977Roger Staubach
95.7%
1978Fran Tarkenton
95.7%
1978Roger Staubach
95.7%
1972Archie Manning
94.3%
1977Terry Bradshaw
94.3%
1978Archie Manning
94.3%
1979Terry Bradshaw
94.3%
1979Dan Fouts
92.9%
1973Ken Anderson
91.4%
1974Ken Anderson
91.4%
1975Ken Anderson
91.4%
Year Player % Correct
1970John Brodie
88.6%
1971John Brodie
88.6%
1970Jim Hart
87.1%
1971Len Dawson
87.1%
1975Jim Hart
87.1%
1976Jim Hart
87.1%
1977Jim Hart
87.1%
1978Jim Zorn
87.1%
1978Jim Hart
87.1%
1979Brian Sipe
87.1%
1979Jim Zorn
87.1%
1970Daryle Lamonica
84.3%
1971John Hadl
84.3%
1972John Hadl
84.3%
1975Bert Jones
84.3%
1976Bert Jones
84.3%
1977Bert Jones
84.3%
1970Roman Gabriel
82.9%
1972Craig Morton
82.9%
1973Roman Gabriel
82.9%
1977Joe Ferguson
82.9%
1973Jim Plunkett
78.6%
1979Steve DeBerg
71.4%
1973Charley Johnson
58.6%
1971Bill Nelsen
34.3%

You're not logged in!

Compare scores with friends on all Sporcle quizzes.
OR
Log In

From the Vault

Marvel Comics: 100 Tiny Heroes

by MitchellGoosen

Our favorite is the Minuscule Hulk.
Remove Ads.
Support Sporcle.
Get the best of Sporcle when you Go Orange. This ad-free experience offers more features, more stats, and more fun while also helping to support Sporcle. Thank you for becoming a member.

Show Comments

Extras

Created Feb 18, 2020ReportNominate
Tags:NFL Quiz

Top Quizzes Today


Score Distribution

Your Account Isn't Verified!

In order to create a playlist on Sporcle, you need to verify the email address you used during registration. Go to your Sporcle Settings to finish the process.

Report this User

Report this user for behavior that violates our Community Guidelines.

Details: